[Event "Mondiale Lampo FIDE 2017"]
[Site "Riyadh"]
[Date "29.12.2017"]
[Round "7.57"]
[White "Lam, Daniel King-wai"]
[Black "Shytaj, Luca"]
[Result "0-1"]
[WhiteTitle "FM"]
[BlackTitle "IM"]
[WhiteElo "2222"]
[BlackElo "2459"]
[WhiteFideId "6001238"]
[BlackFideId "812633"]
[EventDate "2017.12.29"]

1. e4 c5 2. Nf3 Nf6 3. e5 Nd5 4. Nc3 Nxc3 5. dxc3 Nc6 6. Bc4 e6 7. O-O Be7 8.
Bf4 h6 9. Qe2 Qc7 10. Rfe1 b6 11. Rad1 Bb7 12. Bg3 O-O-O 13. b4 cxb4 14. Nd4
Nxd4 15. cxd4 h5 16. h4 g5 17. hxg5 Bxg5 18. d5 h4 19. Bh2 Rdg8 20. Ba6 h3 21.
Rd4 Kb8 22. Bxb7 Kxb7 23. dxe6 dxe6 24. Qe4+ Kb8 25. Red1 Rd8 26. f4 Rxd4 27.
Rxd4 Be7 28. Qd3 Bc5 0-1

[Event "Mondiale Lampo FIDE 2017"]
[Site "Riyadh"]
[Date "29.12.2017"]
[Round "7.58"]
[White "Khairat, Ahmed"]
[Black "Minko, Vladimir"]
[Result "0-1"]
[WhiteTitle "CM"]
[BlackTitle "IM"]
[WhiteElo "2211"]
[BlackElo "2381"]
[WhiteFideId "10624171"]
[BlackFideId "24146706"]
[EventDate "2017.12.29"]

1. e4 c5 2. Nf3 Nc6 3. d4 cxd4 4. Nxd4 Qb6 5. Nb3 Nf6 6. Nc3 e6 7. Be3 Qc7 8.
Bd3 a6 9. f4 h5 10. h3 d6 11. Qf3 h4 12. O-O-O Be7 13. Kb1 b5 14. e5 dxe5 15.
fxe5 Nd7 16. Bxb5 axb5 17. Nxb5 Qb7 18. Nd6+ Bxd6 19. exd6 Nce5 20. Qf4 Ng6 21.
Qg5 Rb8 22. Bd4 e5 23. Rhe1 O-O 24. Bf2 Qb4 25. Be3 Ba6 26. a3 Qa4 27. Rd5 Rxb3
28. cxb3 Qe4+ 29. Ka2 Qxd5 0-1

[Event "Mondiale Lampo FIDE 2017"]
[Site "Riyadh"]
[Date "29.12.2017"]
[Round "7.59"]
[White "Al-Saffar, Araz Basim Mohammed S"]
[Black "Bukannan, Ahmed A"]
[Result "0-1"]
[WhiteTitle "IM"]
[WhiteElo "2368"]
[BlackElo "1929"]
[WhiteFideId "4801040"]
[BlackFideId "21504164"]
[EventDate "2017.12.29"]

1. d4 d5 2. c4 dxc4 3. Nf3 Nf6 4. e3 Bg4 5. Bxc4 e6 6. h3 Bh5 7. O-O Nbd7 8. Nc3
Be7 9. Be2 O-O 10. e4 c5 11. e5 Nd5 12. Nxd5 exd5 13. Be3 Bg6 14. b3 Rc8 15. Rc1
Be4 16. Qd2 cxd4 17. Bxd4 Rxc1 18. Qxc1 Qb8 19. Qb2 Nc5 20. Nd2 Bg6 21. Rc1 Ne6
22. Nf3 Rc8 23. Rxc8+ Qxc8 24. Qc3 Qxc3 25. Bxc3 Bc5 26. Bb2 d4 27. Bc4 d3 28.
Kf1 Nf4 29. Bc1 Ne2 30. Bd2 a6 31. Nh4 b5 32. Bd5 Bd4 33. Nxg6 hxg6 34. Be4 Bxe5
35. Bxd3 Nd4 36. f4 Bd6 37. a4 Nxb3 38. Bc3 Nc5 39. Bc2 Bxf4 40. axb5 axb5 41.
Bb4 Bd6 42. Ke2 Nb7 43. Bd2 Nd8 44. Be4 Ne6 45. Bb1 b4 46. Kd3 Kf8 47. Kc4 Ke7
48. Bxb4 Bxb4 49. Kxb4 Nf4 50. Be4 Ke6 51. Kc4 Ke5 52. Bf3 Ne6 53. Kd3 Kf4 54.
Bd5 Kg3 55. Ke3 Ng5 56. Bc6 f6 57. Bd5 Nh7 58. Ke2 Nf8 59. Kf1 g5 60. Be4 g6 61.
Bd3 f5 62. Bc4 Nd7 63. Bf7 Ne5 64. Be8 Kf4 65. Kf2 g4 66. hxg4 Nxg4+ 67. Kg1 g5
68. Bd7 Ne3 69. Bc8 Kg3 70. Bb7 f4 71. Ba8 g4 72. Bb7 Nf5 73. Be4 Nh4 74. Bb7 f3
75. gxf3 Nxf3+ 76. Kh1 Kf2 77. Ba6 g3 78. Bf1 Ne1 79. Bg2 Nd3 0-1

[Event "Mondiale Lampo FIDE 2017"]
[Site "Riyadh"]
[Date "29.12.2017"]
[Round "7.60"]
[White "Al Jabri, Mohammed Ali"]
[Black "Samhouri, A."]
[Result "0-1"]
[BlackTitle "FM"]
[WhiteElo "2154"]
[BlackElo "2355"]
[WhiteFideId "7604734"]
[BlackFideId "8100640"]
[EventDate "2017.12.29"]

1. e4 c5 2. d4 cxd4 3. c3 Nf6 4. e5 Nd5 5. cxd4 e6 6. Nf3 b6 7. Nc3 Nxc3 8. bxc3
Qc7 9. Bd2 Bb7 10. Bd3 d6 11. O-O Nd7 12. exd6 Bxd6 13. h3 O-O 14. Qe2 Rfe8 15.
Rfe1 e5 16. dxe5 Nxe5 17. Nxe5 Rxe5 18. Qg4 Rae8 19. c4 Bc5 20. Bc3 Rxe1+ 21.
Rxe1 Rxe1+ 22. Bxe1 Qe5 23. Qe2 Qxe2 24. Bxe2 Bd4 25. Kf1 Kf8 26. Bb4+ Ke8 27.
Bd3 g6 28. f4 Kd7 29. f5 a5 30. Bd2 Kd6 31. fxg6 fxg6 32. Bh6 Ba6 33. Bf8+ Kc6
34. Ke2 Bc5 35. Bg7 Bd6 36. Bd4 Bc8 37. Be4+ Kc7 38. Bd5 Bf5 39. g4 Bb1 40. a4
Bc2 41. Bg8 h6 42. Bf7 g5 43. Bg7 Bxa4 44. Bxh6 Be7 45. Bg7 Bd7 46. Bd5 a4 47.
Be5+ Bd6 48. Bf6 a3 49. Bxg5 Be5 50. c5 bxc5 51. Kd1 Bb5 52. Ba2 Bf1 53. h4 Bh3
54. Kc2 Bxg4 55. Kb3 Bb2 56. Ka4 0-1

[Event "Mondiale Lampo FIDE 2017"]
[Site "Riyadh"]
[Date "29.12.2017"]
[Round "7.61"]
[White "Alem, Ali Hussien"]
[Black "Kovalev, Vladislav"]
[Result "0-1"]
[BlackTitle "GM"]
[WhiteElo "1745"]
[BlackElo "2639"]
[WhiteFideId "21500088"]
[BlackFideId "13504398"]
[EventDate "2017.12.29"]

1. e3 Nf6 2. d3 g6 3. Ne2 Bg7 4. Nd2 O-O 5. g3 d5 6. Bg2 e5 7. b3 c5 8. Bb2 Nc6
9. O-O Be6 10. c4 Qd7 11. Nf3 d4 12. exd4 cxd4 13. Ba3 Rfe8 14. Ng5 Bf5 15. b4
a6 16. Qb3 h6 17. Ne4 Nxe4 18. dxe4 Be6 19. Rfd1 b5 20. Rac1 a5 21. bxa5 bxc4
22. Rxc4 Nxa5 23. Rdc1 Nxb3 24. Rc7 Nxc1 25. Rxd7 Nxe2+ 26. Kh1 Bxd7 0-1

[Event "Mondiale Lampo FIDE 2017"]
[Site "Riyadh"]
[Date "29.12.2017"]
[Round "7.62"]
[White "Potkin, Vladimir"]
[Black "Omar, Noaman"]
[Result "1-0"]
[WhiteTitle "GM"]
[BlackTitle "IM"]
[WhiteElo "2574"]
[BlackElo "2364"]
[WhiteFideId "4131061"]
[BlackFideId "9300244"]
[EventDate "2017.12.29"]

1. c4 e6 2. Nc3 d5 3. d4 Be7 4. Nf3 Nf6 5. Bf4 O-O 6. e3 b6 7. Bd3 dxc4 8. Bxc4
Bb7 9. O-O a6 10. a4 c5 11. Qe2 cxd4 12. exd4 Nc6 13. Rad1 Nb4 14. Ne5 Nbd5 15.
Bc1 Nxc3 16. bxc3 Nd5 17. Rd3 Bf6 18. Rh3 g6 19. Re1 Rc8 20. Ng4 Bg7 21. Nh6+
Kh8 22. Bd2 Qc7 23. Bxd5 Bxd5 24. Ng4 Qc4 25. Qe3 h5 26. Qg5 Qc7 27. Nf6 Qd8 28.
Rxh5+ 1-0

[Event "Mondiale Lampo FIDE 2017"]
[Site "Riyadh"]
[Date "29.12.2017"]
[Round "7.63"]
[White "Dzhumagaliev, Yan"]
[Black "Alanazy, Mohammed"]
[Result "1-0"]
[WhiteTitle "FM"]
[WhiteElo "2400"]
[BlackElo "1850"]
[WhiteFideId "24100110"]
[BlackFideId "21508488"]
[EventDate "2017.12.29"]

1. d4 d5 2. Nf3 c6 3. c4 Nf6 4. e3 Bg4 5. h3 Bh5 6. Nc3 e6 7. g4 Bg6 8. Ne5 Bd6
9. h4 h5 10. Nxg6 fxg6 11. Qd3 Kf7 12. g5 Nfd7 13. e4 dxc4 14. Qf3+ Kg8 15. Bxc4
Qe8 16. e5 Bb4 17. Bd2 Nb6 18. Bd3 Kh7 19. Qxh5+ Kg8 20. Qxg6 Qxg6 21. Bxg6 N8d7
22. a3 Bxc3 23. bxc3 Nd5 24. h5 Rf8 25. h6 gxh6 26. gxh6 Nf4 27. Be4 Rf7 28. Rh4
Nd5 29. Bg6 N7b6 30. Bxf7+ Kxf7 31. Ke2 Nc4 32. Rg1 b6 33. Rg7+ Kf8 34. Rxa7 1-0

[Event "Mondiale Lampo FIDE 2017"]
[Site "Riyadh"]
[Date "29.12.2017"]
[Round "7.64"]
[White "Al Ghamdi, Ahmed M"]
[Black "Al-Modiahki, Mohamad"]
[Result "0-1"]
[WhiteTitle "CM"]
[BlackTitle "GM"]
[WhiteElo "2159"]
[BlackElo "2542"]
[WhiteFideId "21500150"]
[BlackFideId "12100030"]
[EventDate "2017.12.29"]

1. e4 c5 2. Nf3 Nc6 3. d4 cxd4 4. Nxd4 g6 5. c4 Nf6 6. Nc3 Nxd4 7. Qxd4 d6 8.
Be2 Bg7 9. Be3 O-O 10. Qd2 a5 11. O-O a4 12. a3 Qa5 13. f3 Be6 14. Nd5 Qxd2 15.
Nxe7+ Kh8 16. Bxd2 Rfe8 17. Nd5 Nxd5 18. cxd5 Bxd5 19. Bb5 Bc6 20. Bc4 Bxb2 21.
Bxf7 Re7 22. Bc4 b5 23. Ba2 Kg7 24. Rad1 Bxa3 25. Bc3+ Kf8 26. Rd3 Bc5+ 27. Kh1
b4 28. Bf6 b3 29. Bxe7+ Kxe7 30. Bb1 Bb5 31. Rc1 Bxd3 32. Bxd3 a3 33. e5 a2 0-1

[Event "Mondiale Lampo FIDE 2017"]
[Site "Riyadh"]
[Date "29.12.2017"]
[Round "7.65"]
[White "Al Zamel, Khaled"]
[Black "El Adnani, Mokliss"]
[Result "0-1"]
[BlackTitle "IM"]
[WhiteElo "1942"]
[BlackElo "2448"]
[WhiteFideId "21500967"]
[BlackFideId "9000410"]
[EventDate "2017.12.29"]

1. e4 c5 2. Nc3 Nc6 3. f4 g6 4. Nf3 Bg7 5. Bb5 Nd4 6. d3 e6 7. O-O Ne7 8. a3 O-O
9. Bc4 d5 10. Ba2 b5 11. e5 Qb6 12. Nxd4 cxd4 13. Ne2 Nf5 14. Kh1 Bb7 15. Ng3
Ne3 16. Bxe3 dxe3 17. Qe2 d4 18. h4 h5 19. c3 Qd8 20. Kg1 Qxh4 21. Nh1 g5 0-1

[Event "Mondiale Lampo FIDE 2017"]
[Site "Riyadh"]
[Date "29.12.2017"]
[Round "7.66"]
[White "Al Mahmood, Salman"]
[Black "Al Habeeb, Emad"]
[Result "1-0"]
[WhiteElo "1593"]
[BlackElo "1933"]
[WhiteFideId "11201517"]
[BlackFideId "21500029"]
[EventDate "2017.12.29"]

1. e4 e5 2. d4 exd4 3. Qxd4 Nc6 4. Qe3 d6 5. Nc3 Nf6 6. Bd2 Be7 7. O-O-O Be6 8.
h3 Qd7 9. f4 g6 10. Bb5 O-O-O 11. Bxc6 Qxc6 12. Qxa7 Nxe4 13. Nxe4 Qxe4 14. Nf3
Bf5 15. Nd4 Qxg2 16. Qa8+ Kd7 17. Qa4+ c6 18. Nxf5 gxf5 19. Qb3 c5 20. Qxf7 Rdf8
21. Qb3 Qc6 22. Bc3 Bf6 23. Bxf6 Rxf6 24. Rhe1 Ra8 25. Kb1 Ra4 26. Qg3 Rf7 27.
Qg8 Re7 28. Rxe7+ Kxe7 29. Qxh7+ Kd8 30. Qg8+ Kc7 31. Qf7+ Kb6 32. Qxf5 Qf3 33.
Rxd6+ 1-0

[Event "Mondiale Lampo FIDE 2017"]
[Site "Riyadh"]
[Date "29.12.2017"]
[Round "7.67"]
[White "Farhan, Marwan Ali"]
[Black "Miswadah, Baha"]
[Result "0-1"]
[WhiteElo "1975"]
[BlackElo "1877"]
[WhiteFideId "9401652"]
[BlackFideId "11502118"]
[EventDate "2017.12.29"]

1. e4 c5 2. Nf3 g6 3. d4 cxd4 4. Nxd4 Bg7 5. Nc3 Nc6 6. Be3 Nf6 7. Be2 O-O 8.
O-O d5 9. Nxd5 Nxd5 10. exd5 Qxd5 11. Bf3 Qa5 12. Bxc6 bxc6 13. Nxc6 Qc7 14. Nd4
Bb7 15. c3 Rad8 16. Qe2 e5 17. Nb5 Qa5 18. Bc5 Ba6 19. c4 Rfe8 20. b4 Qa4 21.
Nc7 Bb7 22. Nxe8 Rxe8 23. a3 Qc6 24. f3 e4 25. Bxa7 Bxa1 26. Rxa1 exf3 27. Qxf3
Qa6 28. Qf2 Qxc4 29. Bc5 Re2 30. Qg3 Rxg2+ 31. Qxg2 Bxg2 32. Kxg2 Qe2+ 33. Bf2
Qe4+ 34. Kg1 Qg4+ 35. Kf1 Qh3+ 36. Kg1 Qg4+ 37. Kf1 Qc4+ 38. Kg1 f5 39. Re1 Kf7
40. Re3 0-1

[Event "Mondiale Lampo FIDE 2017"]
[Site "Riyadh"]
[Date "29.12.2017"]
[Round "7.68"]
[White "Masrahi, Abdulrahman A"]
[Black "Salama, Taher"]
[Result "1-0"]
[WhiteTitle "CM"]
[WhiteElo "1962"]
[BlackElo "1769"]
[WhiteFideId "21501564"]
[BlackFideId "11502231"]
[EventDate "2017.12.29"]

1. d4 Nf6 2. Bf4 e6 3. e3 c5 4. c3 Nc6 5. Nf3 d5 6. Nbd2 Bd6 7. Bg3 O-O 8. Bd3
cxd4 9. exd4 a5 10. Ne5 Qc7 11. f4 a4 12. a3 Ne7 13. O-O b6 14. Qe2 Ng6 15. Ndf3
Bb7 16. Nxg6 hxg6 17. Ne5 Ne4 18. Bh4 Bxe5 19. fxe5 Ra7 20. Rf3 Kh7 21. Raf1 Bc6
22. Rh3 Rh8 23. Be7+ Kg8 24. Rxh8+ Kxh8 25. Rxf7 Be8 26. Rf8+ Kh7 27. Qg4 g5 28.
Rxe8 Qd7 29. Qh5# 1-0

[Event "Mondiale Lampo FIDE 2017"]
[Site "Riyadh"]
[Date "29.12.2017"]
[Round "7.69"]
[White "Al Abdali, Zeyad Saleh"]
[Black "Al Saidi, Mohammed Khalfan"]
[Result "1-0"]
[WhiteElo "1801"]
[BlackElo "1468"]
[WhiteFideId "21501505"]
[BlackFideId "22001271"]
[EventDate "2017.12.29"]

1. d4 Nf6 2. Nf3 d5 3. c4 e6 4. Nc3 c6 5. Bg5 Nbd7 6. e3 Be7 7. Bd3 O-O 8. Qc2
h6 9. h4 dxc4 10. Bxc4 c5 11. O-O-O cxd4 12. Rxd4 Qc7 13. Bb3 a6 14. g4 b5 15.
Bf4 Qc6 16. g5 Qxf3 17. Rg1 Nh5 18. gxh6 g6 19. Kb1 Kh7 20. Bxe6 Nc5 21. Qd2
Bxe6 22. Bg5 Bxg5 23. hxg5 Bf5+ 24. Ka1 Qb7 25. Nd5 Rad8 1-0

[Event "Mondiale Lampo FIDE 2017"]
[Site "Riyadh"]
[Date "29.12.2017"]
[Round "8.1"]
[White "Anand, Viswanathan"]
[Black "Carlsen, Magnus"]
[Result "1/2-1/2"]
[WhiteTitle "GM"]
[BlackTitle "GM"]
[WhiteElo "2782"]
[BlackElo "2837"]
[WhiteFideId "5000017"]
[BlackFideId "1503014"]
[EventDate "2017.12.29"]

1. e4 Nc6 2. Nf3 d6 3. d4 Nf6 4. d5 Nb8 5. Nc3 g6 6. Be2 Bg7 7. O-O O-O 8. Re1
c6 9. Bf4 b5 10. a3 a6 11. Qd2 Bb7 12. Rad1 Nbd7 13. dxc6 Bxc6 14. e5 dxe5 15.
Nxe5 Nxe5 16. Bxe5 Qxd2 17. Rxd2 Rfd8 18. Rxd8+ Rxd8 19. Rd1 Rc8 20. Na2 Bb7 21.
c3 Ne8 22. Bg3 Nf6 23. Be5 Ne4 24. Bxg7 Kxg7 25. Rd7 Nc5 26. Rxe7 Kf6 27. Re3
Rd8 28. c4 bxc4 29. Bxc4 Rd1+ 30. Bf1 Rd2 31. Re2 Rd1 32. Nc3 Rc1 33. f3 a5 34.
Kf2 Ba6 35. Re1 Rc2+ 36. Kg3 Bxf1 37. Nd5+ Kg7 38. Rxf1 Rxb2 39. Rc1 Nd3 40. Rc3
Ne1 41. Ne3 Re2 42. f4 h5 43. h3 h4+ 44. Kg4 f5+ 45. Kg5 Kf7 46. a4 Nxg2 47.
Nxg2 Rxg2+ 48. Kxh4 1/2-1/2

[Event "Mondiale Lampo FIDE 2017"]
[Site "Riyadh"]
[Date "29.12.2017"]
[Round "8.3"]
[White "Korobov, Anton"]
[Black "Sjugirov, Sanan"]
[Result "1/2-1/2"]
[WhiteTitle "GM"]
[BlackTitle "GM"]
[WhiteElo "2652"]
[BlackElo "2650"]
[WhiteFideId "14105730"]
[BlackFideId "4189302"]
[EventDate "2017.12.29"]

1. d4 Nf6 2. c4 e6 3. Nf3 d5 4. Nc3 Nbd7 5. Bg5 h6 6. Bh4 Be7 7. e3 O-O 8. Rc1
c5 9. dxc5 dxc4 10. Bxc4 Nxc5 11. O-O a6 12. a4 b6 13. Qc2 Bb7 14. Rfd1 Qe8 15.
Nd4 Rc8 16. f3 Ncd7 17. Qe2 Ra8 18. Bf2 Ne5 19. Ba2 Bc5 20. Nb3 Bb4 21. e4 Ned7
22. Bb1 Qe7 23. e5 Nd5 24. Na2 Rfc8 25. Qe4 Nf8 26. Nxb4 Nxb4 27. Qd4 Nd5 28.
Nd2 Rxc1 29. Rxc1 Qd7 30. Ne4 Rc8 31. Rd1 b5 32. Nd6 Rc7 33. axb5 axb5 34. h4
Ba8 35. h5 b4 36. Bd3 Qa4 37. Be4 Qa6 38. Qd2 b3 39. Kh2 Qa4 40. Rc1 Qd7 41.
Rxc7 Qxc7 42. Qd3 Qb8 43. Qb5 Qd8 44. Qxb3 Qg5 45. Bg3 Qxh5+ 46. Kg1 Qg5 47. Kh2
Qh5+ 48. Kg1 Qg5 49. Kh2 Qh5+ 1/2-1/2

[Event "Mondiale Lampo FIDE 2017"]
[Site "Riyadh"]
[Date "29.12.2017"]
[Round "8.4"]
[White "Andriasian, Zaven"]
[Black "Bacrot, Etienne"]
[Result "1-0"]
[WhiteTitle "GM"]
[BlackTitle "GM"]
[WhiteElo "2585"]
[BlackElo "2725"]
[WhiteFideId "13302000"]
[BlackFideId "605506"]
[EventDate "2017.12.29"]

1. e4 e5 2. Nf3 Nc6 3. Bc4 Bc5 4. O-O Nf6 5. d3 d6 6. c3 a6 7. Bb3 O-O 8. Nbd2
h6 9. h3 Be6 10. Re1 Bxb3 11. axb3 d5 12. b4 Ba7 13. Qe2 Re8 14. Nf1 dxe4 15.
dxe4 Nh5 16. g3 Qd7 17. Kg2 Rad8 18. Nh4 Nf6 19. Nf5 Qd3 20. Qxd3 Rxd3 21. Nd2
h5 22. Nc4 g6 23. Nh4 Nd7 24. Nf3 Nb6 25. Ne3 f6 26. Kf1 Rd7 27. Ke2 Kf7 28. Rg1
Nc8 29. Nc4 Nd6 30. Nxd6+ cxd6 31. Rd1 Red8 32. Be3 Bxe3 33. Kxe3 d5 34. exd5
Rxd5 35. Rxd5 Rxd5 36. g4 Nd8 37. g5 Ne6 38. gxf6 Kxf6 39. Ke4 Rd8 40. Rg1 g5
41. Nxe5 Rd2 42. Nd3 Rc2 43. Kf3 Ng7 44. Rc1 Rd2 45. Ke3 Rxd3+ 46. Kxd3 Kf5 47.
Ke3 Ne6 48. Ra1 Nf4 49. Ra5+ Kf6 50. b5 axb5 51. Rxb5 Nxh3 52. Rxb7 h4 53. Kf3
Nf4 54. Kg4 Nd3 55. Rb6+ Ke7 56. Kxg5 h3 57. Rh6 Nxf2 58. Kf5 Kd7 59. b4 Kc7 60.
b5 Nd1 61. Rxh3 Kb6 62. Ke5 Kxb5 63. Kd5 Nf2 64. Rg3 Kb6 65. c4 Nd1 66. c5+ 1-0

[Event "Mondiale Lampo FIDE 2017"]
[Site "Riyadh"]
[Date "29.12.2017"]
[Round "8.5"]
[White "Esipenko, Andrey"]
[Black "Grischuk, Alexander"]
[Result "1-0"]
[WhiteTitle "FM"]
[BlackTitle "GM"]
[WhiteElo "2564"]
[BlackElo "2772"]
[WhiteFideId "24175439"]
[BlackFideId "4126025"]
[EventDate "2017.12.29"]

1. d4 d5 2. c4 e6 3. Nc3 c6 4. e3 Nd7 5. Qc2 Nh6 6. Bd3 f5 7. Nge2 Bd6 8. f3 O-O
9. O-O Nf6 10. h3 Kh8 11. e4 fxe4 12. fxe4 dxc4 13. Bxc4 e5 14. Kh1 Qe7 15. Bg5
Bd7 16. Rad1 Rad8 17. d5 Bc8 18. dxc6 bxc6 19. Qa4 Qb7 20. Rd2 Be7 21. Rxd8 Bxd8
22. Qc2 Nf7 23. Be3 Bb6 24. Bc1 Qe7 25. b3 h6 26. Na4 Bd4 27. Bd3 c5 28. Ba3 Rd8
29. Nxd4 exd4 30. Bxc5 Qe8 31. Qd2 Ng5 32. Bxa7 Ngxe4 33. Qe1 Bb7 34. Nc5 Ba8
35. Bb6 Rd6 36. Bc7 Qc6 37. Nxe4 Qxc7 1-0

[Event "Mondiale Lampo FIDE 2017"]
[Site "Riyadh"]
[Date "29.12.2017"]
[Round "8.6"]
[White "Grigoriants, Sergey"]
[Black "Kravtsiv, Martyn"]
[Result "0-1"]
[WhiteTitle "GM"]
[BlackTitle "GM"]
[WhiteElo "2561"]
[BlackElo "2672"]
[WhiteFideId "4130804"]
[BlackFideId "14113147"]
[EventDate "2017.12.29"]

1. e4 e5 2. Nf3 Nc6 3. Bb5 a6 4. Ba4 Nf6 5. O-O Be7 6. Re1 b5 7. Bb3 O-O 8. a4
b4 9. a5 d6 10. d3 Be6 11. Bxe6 fxe6 12. Nbd2 Rb8 13. Nc4 Nd7 14. c3 Rb5 15. d4
bxc3 16. bxc3 exd4 17. Nxd4 Nxd4 18. cxd4 Qe8 19. Be3 Qg6 20. f3 d5 21. exd5
exd5 22. Bf2 Bb4 23. Ne5 Nxe5 24. Rxe5 Bxa5 25. h3 h6 26. Qe2 Bc3 27. Rf1 Rb2
28. Qe3 Bd2 29. Qa3 Rb5 30. Qa2 Bf4 31. Rxd5 Qf7 0-1

[Event "Mondiale Lampo FIDE 2017"]
[Site "Riyadh"]
[Date "29.12.2017"]
[Round "8.8"]
[White "Amin, Bassem"]
[Black "Nepomniachtchi, Ian"]
[Result "1-0"]
[WhiteTitle "GM"]
[BlackTitle "GM"]
[WhiteElo "2689"]
[BlackElo "2729"]
[WhiteFideId "10601457"]
[BlackFideId "4168119"]
[EventDate "2017.12.29"]

1. e4 c5 2. Nf3 d6 3. g3 g6 4. Bg2 Bg7 5. O-O Nc6 6. c3 e5 7. d3 Nge7 8. a3 O-O
9. b4 h6 10. Nbd2 Be6 11. Nb3 b6 12. b5 Nb8 13. a4 Nd7 14. Nfd2 d5 15. c4 d4 16.
f4 Qc7 17. f5 gxf5 18. exf5 Nxf5 19. Bxa8 Ne3 20. Qf3 Nf6 21. Ne4 Nxe4 22. Bxe3
Rxa8 23. Qxe4 Rf8 24. Bd2 f5 25. Qc6 Qe7 26. Rae1 e4 27. dxe4 f4 28. Bxf4 Bxc4
29. Nd2 Bxf1 30. Qd5+ Kh8 31. Bd6 Qf6 32. Bxf8 Bh3 33. Bxg7+ Kxg7 34. e5 Qg5 35.
Nf3 Qf5 36. Qb7+ Kh8 37. e6 Qc2 38. Ne5 Bxe6 39. Qe7 Bg8 40. Qf6+ Kh7 41. Qe7+
Kh8 42. Nd7 Qf5 43. Qe5+ Qxe5 44. Nxe5 Bb3 45. Nc6 d3 46. Re8+ Kg7 47. Rd8 c4
48. Nb4 Bxa4 49. Nxd3 cxd3 50. Rxd3 Bxb5 51. Ra3 a6 52. Kf2 Kf6 53. Ke3 Ke5 54.
Rc3 Kd5 55. h4 a5 56. g4 a4 57. Rc8 Bd7 58. Rd8 Kc6 59. g5 hxg5 60. hxg5 Bf5 61.
Rf8 Bb1 62. g6 Bxg6 63. Rf6+ Kc5 64. Rxg6 Kc4 65. Kd2 b5 66. Kc2 b4 67. Rg4+ Kb5
68. Kb2 Kc5 69. Rf4 Kb5 70. Kc2 Kc5 71. Kd3 a3 72. Rf5+ Kb6 73. Kc4 a2 74. Rf1
Ka5 75. Kb3 1-0

[Event "Mondiale Lampo FIDE 2017"]
[Site "Riyadh"]
[Date "29.12.2017"]
[Round "8.9"]
[White "Amonatov, Farrukh"]
[Black "Svidler, Peter"]
[Result "0-1"]
[WhiteTitle "GM"]
[BlackTitle "GM"]
[WhiteElo "2636"]
[BlackElo "2765"]
[WhiteFideId "14700077"]
[BlackFideId "4102142"]
[EventDate "2017.12.29"]

1. e4 e5 2. Nf3 Nc6 3. Bc4 Bc5 4. c3 Nf6 5. d4 exd4 6. e5 d5 7. Bb5 Ne4 8. cxd4
Bb6 9. Nc3 O-O 10. Be3 Ne7 11. O-O c6 12. Bd3 f5 13. exf6 Nxf6 14. Qc2 Bc7 15.
Ne5 Ng4 16. Bxh7+ Kh8 17. Bg5 Nxe5 18. dxe5 Bxe5 19. Rae1 Qd6 20. f4 Bd4+ 21.
Kh1 Nf5 22. Rf3 Kxh7 23. Ne2 Bb6 24. g4 Kg8 25. Nc3 Nd4 0-1

[Event "Mondiale Lampo FIDE 2017"]
[Site "Riyadh"]
[Date "29.12.2017"]
[Round "8.10"]
[White "Leko, Peter"]
[Black "Dreev, Aleksey"]
[Result "1/2-1/2"]
[WhiteTitle "GM"]
[BlackTitle "GM"]
[WhiteElo "2691"]
[BlackElo "2653"]
[WhiteFideId "703303"]
[BlackFideId "4100107"]
[EventDate "2017.12.29"]

1. e4 c6 2. d4 d5 3. e5 Bf5 4. Nf3 e6 5. Be2 Nd7 6. O-O Bb4 7. Nbd2 Ba5 8. Re1
h6 9. c3 Ne7 10. Nf1 Bc7 11. Ng3 Bg4 12. Bd3 c5 13. h3 Bxf3 14. Qxf3 g6 15. Be3
Nc6 16. Rad1 Qe7 17. a3 c4 18. Bc2 b5 19. Nf1 Nb6 20. Nh2 h5 21. Qg3 Na4 22. Bg5
Qd7 23. Bf6 Rg8 24. Rb1 Bd8 25. Nf3 Bxf6 26. exf6 O-O-O 27. Re3 Qc7 28. Qg5 a6
29. g3 Kb7 30. b3 cxb3 31. Bxb3 Nb6 32. a4 bxa4 33. Bxa4 Na5 34. Ne5 Ka7 35. Bd1
Nac4 36. Nxc4 Nxc4 37. Re2 Rb8 38. Ra1 Rb2 39. Rxb2 Nxb2 40. Be2 Nc4 41. Bxh5
Rb8 42. Be2 Rb3 43. Rc1 Rb2 44. Bd3 a5 45. Ra1 Nd2 46. Qe3 1/2-1/2

[Event "Mondiale Lampo FIDE 2017"]
[Site "Riyadh"]
[Date "29.12.2017"]
[Round "8.11"]
[White "Le, Quang Liem"]
[Black "Sargissian, Gabriel"]
[Result "1-0"]
[WhiteTitle "GM"]
[BlackTitle "GM"]
[WhiteElo "2737"]
[BlackElo "2672"]
[WhiteFideId "12401137"]
[BlackFideId "13300881"]
[EventDate "2017.12.29"]

1. d4 d5 2. c4 e6 3. Nf3 Nf6 4. Bg5 Be7 5. e3 h6 6. Bh4 O-O 7. Nbd2 Nbd7 8. Rc1
c5 9. cxd5 Nxd5 10. Bxe7 Qxe7 11. Nb3 cxd4 12. Qxd4 N7f6 13. Be2 Bd7 14. O-O
Rfd8 15. a3 Be8 16. h3 a6 17. Rfd1 Rac8 18. Rxc8 Rxc8 19. Ne5 Qc7 20. Rc1 Qd8
21. Rxc8 Qxc8 22. Qc5 Qd8 23. Bf3 b6 24. Qc1 a5 25. Nd4 Qb8 26. Nd3 Qc7 27. Qxc7
Nxc7 28. Ne5 a4 29. Kf1 Kf8 30. Ke2 Ke7 31. Kd3 b5 32. Bc6 Bxc6 33. Nexc6+ Kd6
34. f4 Nd7 35. Nb4 Nc5+ 36. Ke2 Ne4 37. g4 Kc5 38. Nd3+ Kd6 39. h4 Nc5 40. g5
hxg5 41. hxg5 Nd7 42. e4 g6 43. Nf3 Ke7 44. Ke3 Nb6 45. Nfe5 Na6 46. Kd4 Nc7 47.
Kc5 Nc8 48. Nb4 Ne8 49. Nbc6+ Kf8 50. Nd7+ Kg7 51. e5 Nc7 52. Nf6 Nd5 53. Nxd5
exd5 54. Kxb5 d4 55. Nxd4 1-0

[Event "Mondiale Lampo FIDE 2017"]
[Site "Riyadh"]
[Date "29.12.2017"]
[Round "8.12"]
[White "Harikrishna, Pentala"]
[Black "Socko, Bartosz"]
[Result "1/2-1/2"]
[WhiteTitle "GM"]
[BlackTitle "GM"]
[WhiteElo "2744"]
[BlackElo "2593"]
[WhiteFideId "5007003"]
[BlackFideId "1107038"]
[EventDate "2017.12.29"]

1. e4 e6 2. d4 d5 3. Nd2 Nf6 4. Bd3 c5 5. exd5 Qxd5 6. Ngf3 cxd4 7. O-O Nc6 8.
Bc4 Qd6 9. Nb3 a6 10. Nbxd4 Nxd4 11. Qxd4 Qxd4 12. Nxd4 Bd7 13. Be2 O-O-O 14.
Rd1 Bc5 15. Nb3 Bb6 16. Bf3 Bc6 17. Be3 Bxf3 18. gxf3 Rxd1+ 19. Rxd1 Rd8 20.
Rxd8+ Bxd8 21. Bd4 Kd7 22. Bxf6 Bxf6 23. Nc5+ Kc6 24. Nd3 Kd5 25. Kf1 g5 26. Ke2
h5 27. h3 Be7 28. f4 g4 29. hxg4 hxg4 30. f3 gxf3+ 31. Kxf3 Kd4 32. Ne5 f6 33.
c3+ Kd5 34. Nd3 Bd6 35. Ke3 Bc5+ 36. Kf3 Bd6 37. Ne1 Kc4 38. Ke3 b5 39. Nc2 Kd5
40. Kf3 Bc5 41. b3 f5 42. Ne1 Bd6 43. Nc2 Bc5 44. Ne1 Ba3 45. Nc2 Bc5 46. Ne1
Bd6 47. Nc2 1/2-1/2